Current trends in educational research in Europe / Wolfgang Mitter (Record no. 65397)

MARC details
000 -CABECERA
campo de control de longitud fija 00572nam a2200193 a 4500
005 - FECHA Y HORA DE LA ÚLTIMA TRANSACCIÓN
campo de control 20210223123824.0
008 - ELEMENTOS DE LONGITUD FIJA--INFORMACIÓN GENERAL
campo de control de longitud fija 991125n 000 0 eng u
035 ## - NÚMERO DE CONTROL DEL SISTEMA
Número de control de sistema UPN01000070522
100 1# - ASIENTO PRINCIPAL--NOMBRE PERSONAL
Nombre de persona Mitter, Wolfgang
9 (RLIN) 29670
222 ## - TÍTULO CLAVE
Título clave EUROPEAN JOURNAL OF TEACHER EDUCATION
245 ## - MENCIÓN DE TÍTULO
Título Current trends in educational research in Europe / Wolfgang Mitter
300 ## - DESCRIPCIÓN FÍSICA
Extensión 53-64
362 ## - FECHAS DE PUBLICACIÓN Y/O DESIGNACIÓN SECUENCIAL
Fecha de publicación y/o designación secuencial 1992 15, no. 1-2
653 0# - TERMINO DE INDIZACION - NO CONTROLADO
Término no controlado INVESTIGACION EDUCATIVA
653 0# - TERMINO DE INDIZACION - NO CONTROLADO
Término no controlado POLITICAS DE EDUCACION
653 0# - TERMINO DE INDIZACION - NO CONTROLADO
Término no controlado RELACION TEORIA-PRACTICA
904 ## - ELEMENTOS DE DATOS D LOCAL, LDD (RLIN)
a AC
b 008333
905 ## - TIPO DE MATERIAL
Tipo de material Articulo

No items available.